000 00344nam a2200133Ia 4500
005 20260326235446.0
008 260326s9999||||xx |||||||||||||| ||und||
100 _aHawkes, Nigel
245 0 _aStructures :
_b The way things are built /
_cNigel Hawkes
260 _bCollier Books
300 _a240 p.
650 _aARQUITECTURA CIVIL
942 _cBK
999 _c7580
_d7580